HIV & Real Life People

Saved in:
Bibliografiske detaljer
Institution som forfatter: Network Persone Sieropositive
Andre forfattere: Lispi, Mirta
Format: Ukendt
Sprog:engelsk
Udgivet: Roma Network Persone Sieropositive
Tags: Tilføj Tag
Ingen Tags, Vær først til at tagge denne postø!

MARC

LEADER 00000 a2200000 4500
005 20240717192203.0
008 240717b |||||||| |||| 00| 0 eng d
040 |c GP 
110 |a Network Persone Sieropositive 
245 |a HIV & Real Life People 
260 |a Roma  |b Network Persone Sieropositive 
700 |a Lispi, Mirta 
942 |2 ddc  |c BK  |n 0 
952 |0 0  |1 0  |2 ddc  |4 0  |6 614_000000000000000_NPS  |7 1  |9 1639  |a RM  |b RM  |d 2024-07-17  |l 0  |o 614 NPS  |p 694  |r 2024-07-17 19:22:21  |w 2024-07-17  |y BK 
999 |c 1455  |d 1455